Statistics for Mexico Top 15 Immigration

Click here to take the quiz!

General Stats

  • This quiz has been taken 98 times
  • The average score is 13 of 15

Answer Stats

# of ImmigrantsAnswer% Correct
797226United States
100%
12439Canada
95%
36234Colombia
93%
56810Guatemala
93%
25976Cuba
92%
52948Venezuela
91%
8689Brazil
89%
35361Honduras
88%
19223Spain
87%
19736El Salvador
84%
8670Peru
82%
10547China
79%
17693Argentina
78%
9080France
71%
6860Germany
67%

Score Distribution

Percentile by Number Answered

Percent of People with Each Score

Your Score History

You have not taken this quiz